Modelovanie zisku firmy v podmienkach dokonalej a nedokonalej konkurencie

Salvato in:
Dettagli Bibliografici
Autore principale: Fendeková, Eleonora, 1952-
Altri autori: Strieška, Ľubomír
Natura: Capitolo di libro
Lingua:slovacco
Tags: Aggiungi Tag
Nessun Tag, puoi essere il primo ad aggiungerne!!

MARC

LEADER 00000naa$a2200000$$$4500
001 0090061
005 20240502072015.1
041 0 |a slo 
044 |a SK 
245 1 0 |a Modelovanie zisku firmy v podmienkach dokonalej a nedokonalej konkurencie  |c Eleonora Fendeková, Ľubomír Strieška 
100 1 |a Fendeková, Eleonora, 1952- 
700 1 |a Strieška, Ľubomír